| 000 | 01445nam a22003017a 4500 | ||
|---|---|---|---|
| 001 | 1648 | ||
| 003 | FISKH | ||
| 005 | 20230913100234.0 | ||
| 008 | 230913b cb ||||| |||| 00| 0 khr d | ||
| 020 | _a9789924341550 | ||
| 040 |
_aFISKH _beng _cFISKH _dFISKH |
||
| 082 | _a591.53 | ||
| 100 | _aLeroy, Jean | ||
| 245 |
_aកូនចចកល្អ / _cនិពន្ធដោយ ហ្សង់ ឡឺរ៉ូយ - គូររូបដោយ ម៉ាតធ្យឺ ម៉ូដេ - បកប្រែពីភាសាបារាំងដោយ អ៊ុំ វ័ណថារី |
||
| 260 |
_aParis : _bSipar, _c2013. |
||
| 300 |
_a31 pages : _bcolor illustrations ; _c20 cm |
||
| 490 | _aរឿងដំបូងៗ | ||
| 505 | _aK | ||
| 520 | _aឪពុកម្ដាយរបស់កូនចចកបានប្រដៅថាត្រូវគោរពតាមបំណងប្រាថ្នាចុងក្រោយរបស់អ្នកដ៏ទៃមុននឹងវាស៊ីពួកគេ។ | ||
| 520 | _aThe wolf's parents admonished them to obey the last wishes of others before eating them. | ||
| 521 | 8 |
_a510
_bLexile estimate |
|
| 521 | 8 |
_aK
_bRaz-Plus |
|
| 650 |
_aគោរព _vបំណងប្រាថា្ន _xចចក |
||
| 650 |
_aRespect _vWish _xFox |
||
| 700 |
_aVanthary, Oum _eTranslator |
||
| 700 |
_aMaudet, Matthieu _eillustrator |
||
| 942 |
_2ddc _cKHB _n0 |
||
| 999 |
_c1648 _d1648 |
||